Hayao Miyazaki Filmographie - Statistiken

Allgemein
  • Dieses Quiz wurde 15 mal gespielt
  • Das Durchschnittsergebnis liegt bei 9 aus 12
Antwortstatistiken
Hint Antwort % Korrekt
1988 Mein Nachbar Totoro
100%
1997 Prinzessin Mononoke
100%
2001 Chihiros Reise ins Zauberland
92%
1986 Das Schloss im Himmel
92%
2004 Das wandelnde Schloss
92%
1984 Nausicaä aus dem Tal der Winde
83%
2008 Ponyo
75%
2023 Der Junge und der Reiher
67%
1989 Kikis kleiner Lieferservice
67%
1992 Porco Rosso
67%
2013 Wie der Wind sich hebt
42%
1979 Lupin III: Das Schloss des Cagliostro
25%
Keine übereinstimmenden Quizze gefunden
Verteilung der Resultate
Anzahl Personen mit jedem Resultat
Perzentil nach korrekt beantworteten Fragen
Ihre Resultats-Entwicklung
Sie haben dieses Quiz noch nicht gespielt